| 000 | 00379nam a2200133Ia 4500 | ||
|---|---|---|---|
| 008 | 210430s9999 xx 000 0 und d | ||
| 020 | _a960-961-960-961 | ||
| 082 | _a662.2 C583 T | ||
| 100 | _aK.P.Clark | ||
| 245 |
_aToxicology of Explosives and Propellants _cK.P.Clark |
||
| 260 |
_aCranfield university/RMCS Shrivenham _bPhotocopy _c1994 |
||
| 300 | _a46p | ||
| 942 |
_cBK _2ddc |
||
| 999 |
_c562100 _d562100 |
||